000 00670nam a2200157 a 4500
008 121114s2012 ||||||||||||||||| || u
020 _a9789290723035
050 _aIFAD(058)
110 _aInternational Fund for Agricultural Development (IFAD)
245 1 0 _aIFAD annual report 2011
_cby International Fund for Agricultural Development [IFAD]
260 _aRome:
_bInternational Fund for Agricultural Development (IFAD)
_c2012
300 _a67p.: ill.
500 _aAccompanied by CD-ROM
650 _aSUSTAINABLE AGRICULTURE
995 _FCBU-MAIN LIBRARY (Kitwe)
_M1
_UAVAILABLE
_WDec 31, 2012
_ZInternational Publications
999 _c46147
_d46147